Heritage Works (Record no. 121691)

MARC details
000 -LEADER
fixed length control field 01029cad a22002175a 4500
008 - FIXED-LENGTH DATA ELEMENTS--GENERAL INFORMATION
fixed length control field 231031s2017 xxk f 000 0 eng d
041 0# - LANGUAGE CODE
Language code of text/sound track or separate title eng
110 2# - MAIN ENTRY--CORPORATE NAME
Corporate name or jurisdiction name as entry element British Property Federation
9 (RLIN) 1604
245 00 - TITLE STATEMENT
Title Heritage Works
Remainder of title A toolkit of best practice in heritage regeneration
250 ## - EDITION STATEMENT
Edition statement 3rd ed.
260 ## - PUBLICATION, DISTRIBUTION, ETC.
Place of publication, distribution, etc. London
Name of publisher, distributor, etc. BPF; Historic England; RICS
Date of publication, distribution, etc. 2017
300 ## - PHYSICAL DESCRIPTION
Extent 30p.
520 ## - SUMMARY, ETC.
Summary, etc. Updated and streamlined from the 2006 first edition and the 2013 second edition the publication shows how heritage based regeneration can work in practice. it includes new case studies. Provides practical step-by-step guide for developers, owners, local authorities and advisers provides invaluable advice and warns of common pitfalls and points to ways of overcoming them.
650 ## - SUBJECT ADDED ENTRY--TOPICAL TERM
Topical term or geographic name entry element HERITAGE PROPERTIES
650 ## - SUBJECT ADDED ENTRY--TOPICAL TERM
Topical term or geographic name entry element HISTORICAL BUILDINGS
651 #4 - SUBJECT ADDED ENTRY--GEOGRAPHIC NAME
Geographic name England
710 2# - ADDED ENTRY--CORPORATE NAME
Corporate name or jurisdiction name as entry element Historic England
9 (RLIN) 6175
710 ## - ADDED ENTRY--CORPORATE NAME
Corporate name or jurisdiction name as entry element British Property Federation
9 (RLIN) 1604
710 1# - ADDED ENTRY--CORPORATE NAME
Corporate name or jurisdiction name as entry element Royal Institution of Chartered Surveyors
9 (RLIN) 4900
942 ## - ADDED ENTRY ELEMENTS (KOHA)
Suppress in OPAC 0
Source of classification or shelving scheme Dewey Decimal Classification
Holdings
Withdrawn status Lost status Damaged status Not for loan Home library Current library Shelving location Date acquired Total Checkouts Full call number Date last seen Copy number Price effective from Koha item type
        London London RICS Boxes 31/10/2023   RICS 2017/18 31/10/2023 1 31/10/2023 Book